书目信息 |
| 题名: |
自然地理学
|
|
| 作者: | 杨达源 主编 | |
| 分册: | ||
| 出版信息: | 南京 南京大学出版社 2001.02 |
|
| 页数: | 425页 | |
| 开本: | 26cm | |
| 丛书名: | ||
| 单 册: | ||
| 中图分类: | P9 | |
| 科图分类: | 57.12 | |
| 主题词: | 自然地理学--zi ran di li xue | |
| 电子资源: | ||
| ISBN: | 7-305-03644-7 | |
| 000 | 00674nam0 2200229 450 | |
| 001 | CAL 012001367064 | |
| 005 | 20060529163910.20 | |
| 010 | @a7-305-03644-7@dCNY 33.00 | |
| 099 | @aCAL 012001367064 | |
| 100 | @a20010821d2001 em y0chiy0120 ea | |
| 101 | 0 | @achi |
| 102 | @aCN@b320000 | |
| 200 | 1 | @a自然地理学@Azi ran di li xue@f杨达源主编@Fyang da yuan zhu bian |
| 210 | @a南京@c南京大学出版社@d2001.02 | |
| 215 | @a425页@c图, 地图@d26cm | |
| 320 | @a有书目 (第423-425页) | |
| 606 | 0 | @a自然地理学@Azi ran di li xue |
| 690 | @aP9@v4 | |
| 692 | @a57.12@v3 | |
| 701 | 0 | @a杨达源@AYang Dayuan@c(大自然研究)@4主编 |
| 801 | 0 | @aCN@bSXH@c20060529 |
| 905 | @a10447@dP9@eY168 | |
| 自然地理学/杨达源主编.-南京:南京大学出版社,2001.02 |
| 425页:图, 地图;26cm |
| ISBN 7-305-03644-7:CNY 33.00 |
| ● |
| 相关链接 |
|
|
|
正题名:自然地理学
索取号:P9/Y168
 
预约/预借
| 序号 | 登录号 | 条形码 | 馆藏地/架位号 | 状态 | 备注 |
| 1 | 602447 | 206024470 | 自科库401/401自科库 135排1列1层/ [索取号:P9/Y168] | 在馆 |